| 000 | 00841nam a2200229Ia 4500 | ||
|---|---|---|---|
| 003 | BUBTL | ||
| 008 | 151213s9999 xx 000 0 und d | ||
| 041 | _aবাংলা ও ইংরেজী | ||
| 082 |
_2৩য় সং _a345.05/ Az11c/ 2005 |
||
| 100 |
_aআজাদ, মো : আবুল কালাম _95255 |
||
| 245 |
_aফেীজদারী কার্যবিধি / _cমো: আবুল কালাম আজাদ |
||
| 250 | _a৩য় সং | ||
| 260 |
_aঢাকা: _bআদর্শ ‘ল’ বুক হাউস, _cc2005 |
||
| 300 |
_a[xxxii], 608 p. : _bill. ; 21 cm. |
||
| 526 | _aLaw | ||
| 650 | _aLaw | ||
| 650 | _a | ||
| 700 |
_aমো: আবুল কালাম আজাদ _95256 |
||
| 856 |
_k0 _l0 _yDownload |
||
| 942 |
_2ddc _cBK |
||
| 999 |
_c2524 _d2524 |
||